[Event "Seefeld op 14th"]
[Site "Seefeld"]
[Date "2003.09.20"]
[Round "8"]
[White "Muecke, Ulf"]
[Black "Michel, Jan"]
[Result "1-0"]
[WhiteElo "1495"]
[BlackElo "1484"]
[PlyCount "39"]
[EventDate "2003.09.13"]
[EventType "swiss"]
[EventRounds "9"]
[EventCountry "AUT"]
[SourceTitle "CBM 097 Extra"]
[Source "ChessBase"]
[SourceDate "2004.01.13"]
[SourceVersion "1"]
[SourceVersionDate "2004.01.13"]
[SourceQuality "1"]

1. d4 Nf6 2. Nf3 Nc6 3. Bf4 e6 4. Nbd2 Be7 5. e3 a6 6. c3 Nh5 7. Bd3 Nxf4 8. exf4 0-0 9. Ne5 Na7 10. Qh5 g6 11. Qh6 Qe8 12. Ndf3 f5 13. h4 d6 14. Ng5 Bxg5 15. hxg5 Qe7 16. Nxg6 Qg7 17. Nxf8 Kxf8 18. Qxh7 Qxh7 19. Rxh7 Kg8 20. g6 1-0

[Event "Seefeld op 14th"]
[Site "Seefeld"]
[Date "2003.09.18"]
[Round "6"]
[White "Heyse, Juergen"]
[Black "Muecke, Ulf"]
[Result "1-0"]
[WhiteElo "1570"]
[BlackElo "1495"]
[PlyCount "127"]
[EventDate "2003.09.13"]
[EventType "swiss"]
[EventRounds "9"]
[EventCountry "AUT"]
[SourceTitle "CBM 097 Extra"]
[Source "ChessBase"]
[SourceDate "2004.01.13"]
[SourceVersion "1"]
[SourceVersionDate "2004.01.13"]
[SourceQuality "1"]

1. d4 d5 2. e3 Nf6 3. Nf3 Bg4 4. Be2 e6 5. h3 Bh5 6. Ne5 Bxe2 7. Qxe2 c6 8. Nd2 Nbd7 9. Nxd7 Qxd7 10. 0-0 Bd6 11. e4 dxe4 12. Nxe4 Nxe4 13. Qxe4 0-0 14. Be3 Rfe8 15. Rad1 Qc7 16. f4 Qa5 17. a3 Rac8 18. Qf3 a6 19. Bd2 Qd5 20. Kh1 Qxf3 21. Rxf3 Bc7 22. Rdf1 Rcd8 23. c3 Rd7 24. g4 Bb6 25. Be3 Rde7 26. h4 f5 27. g5 g6 28. Kg2 Kf7 29. h5 Rg8 30. hxg6+ hxg6 31. Rh1 Ke8 32. Rfh3 Rgg7 33. Rh8+ Kd7 34. Ra8 Re8 35. Rxe8 Kxe8 36. Rh8+ Kd7 37. Kf3 Kd6 38. b4 a5 39. Ke2 axb4 40. axb4 Ba7 41. Kd3 b6 42. d5 c5 43. dxe6 Kxe6 44. Kc4 cxb4 45. Kxb4 b5 46. Bxa7 Rxa7 47. Rh6 Rg7 48. Kxb5 Kd5 49. c4+ Ke4 50. Rh4 Kf3 51. c5 Kg3 52. Rh8 Kxf4 53. c6 Kxg5 54. Rd8 Rc7 55. Kb6 Rxc6+ 56. Kxc6 f4 57. Kd5 Kg4 58. Ke4 g5 59. Rd3 Kh5 60. Kf3 Kh4 61. Rd8 Kh5 62. Rh8+ Kg6 63. Kg4 Kg7 64. Rh5 1-0